| Tag |
First Indicator |
Second Indicator |
Subfields |
| LEADER |
00000cas a22000007a 4500 |
| 001 |
in00001838521 |
| 005 |
20151026070413.0 |
| 006 |
m d |
| 007 |
cr cnu-------- |
| 008 |
031030c19939999pauqr1pss 0 a0eng c |
| 010 |
|
|
|a 2003214319
|
| 012 |
|
|
|l 1
|
| 022 |
0 |
|
|a 1547-3457
|y 1066-5684
|
| 035 |
|
|
|a (OCoLC)ocm53319586
|
| 037 |
|
|
|b Taylor & Francis, 325 Chestnut Street, Philadelphia, PA 19106
|c $53.00
|c $113.00 (Institutions)
|
| 040 |
|
|
|a NSD
|c NSD
|d OCLCQ
|d UtOrBLW
|
| 042 |
|
|
|a nsdp
|a lcd
|
| 049 |
|
|
|a TXAM
|
| 050 |
1 |
0 |
|a LB3062
|b .I48 Electronic
|
| 082 |
1 |
0 |
|a 370
|2 13
|
| 130 |
0 |
|
|a Equity & excellence in education (Online)
|
| 222 |
|
0 |
|a Equity & excellence in education
|b (Online)
|
| 245 |
1 |
0 |
|a Equity & excellence in education.
|
| 246 |
3 |
|
|a Equity and excellence in education
|
| 264 |
|
1 |
|a Philadelphia, PA :
|b Taylor & Francis.
|
| 310 |
|
|
|a Quarterly
|
| 336 |
|
|
|a text
|b txt
|2 rdacontent
|
| 337 |
|
|
|a computer
|b c
|2 rdamedia
|
| 338 |
|
|
|a online resource
|b cr
|2 rdacarrier
|
| 362 |
1 |
|
|a Print began with vol. 26 in 1993.
|
| 500 |
|
|
|a Description based on: Volume 36, number 1 (Jan.-Mar. 2003); title from caption (viewed Oct. 30, 2003).
|
| 530 |
|
|
|a Also issued in print.
|
| 538 |
|
|
|a Mode of access: World Wide Web.
|
| 500 |
|
|
|a Electronic resource.
|
| 776 |
1 |
|
|t Equity & excellence in education
|x 1066-5684
|w (DLC) 93664257
|w (OCoLC)26997551
|
| 949 |
|
|
|a AM_DB_MFHD URL added
|b h
|c 2005/7/18
|e rstovall5
|f 1:53:21 pm
|
| 994 |
|
|
|a C0
|b TXA
|
| 999 |
|
|
|a MARS
|
| 999 |
f |
f |
|s e77afe06-60b3-35c5-9e53-86c6e2f10be4
|i 433c6bc3-9d21-3302-88a3-8ed9ea4c027d
|t 0
|
| 952 |
f |
f |
|a Texas A&M University
|b College Station
|c Electronic Resources
|d Available Online
|t 0
|e LB3062 .I48
|g Electronic
|h Library of Congress classification
|
| 998 |
f |
f |
|a LB3062 .I48
|t 0
|l Available Online
|